| 000 | 00378nam a2200157Ia 4500 | ||
|---|---|---|---|
| 008 | 230917s9999||||xx |||||||||||||| ||und|| | ||
| 020 | _cPOU10 | ||
| 040 |
_e4252 _aMAIN |
||
| 041 | _aEnglish | ||
| 082 | _a332.4566 F865O | ||
| 100 | _aFratianni, Michele, ed. | ||
| 245 | 0 | _aOne money for Europe | |
| 260 |
_aLondon _bMacmillan _c1978 |
||
| 300 | _axiv, 224 p. | ||
| 942 | _cBK | ||
| 999 |
_c205042 _d205042 |
||